ბათუმის შოთა რუსთაველის სახელმწიფო უნივერსიტეტის ბიბლიოთეკა

ფსიქიატრიული ცნობარი მართლმადიდებელი მოძღვრებისა და სასულიერო აკადემიის სტუდენტებისათვის = Psychiatric Handbook for Orthodox Priests and Students of Theological Academy / (ბიბ.ჩანაწერი № 36601)

000 -ლიდერი
ფიქსირებული სიგრძის საკონტროლო ველი 01452nam a2200217Ia 4500
001 - საკონტროლო ნომერი
საკონტროლო ველი 2520
003 - საკონტროლო ნომრის იდენტიფიკატორი
საკონტროლო ველი GE_BSU
005 - ბოლო ოპერაციის თარიღი და დრო
საკონტროლო ველი 20210302142927.0
008 - ფიქსირებული სიგრძის მონაცემთა ელემენტები - ზოგადი ინფორმაცია
ფიქსირებული სიგრძის საკონტროლო ველი 181216s2006||||ge |||||||||||||| ||geo||
040 ## - კატალოგიზაციის წყარო
Transcribing agency GE_BSU
041 ## - ენის კოდი
Language code of text/sound track or separate title geo
080 ## - უნივერსალური ათობითი კლასიფიკაციის ინდექსი
Universal Decimal Classification number 616.89(075.8) ფ–96
245 ## - ცნობა სათაურის შესახებ
Title ფსიქიატრიული ცნობარი მართლმადიდებელი მოძღვრებისა და სასულიერო აკადემიის სტუდენტებისათვის = Psychiatric Handbook for Orthodox Priests and Students of Theological Academy /
Statement of responsibility, etc [მალხაზ ჩუგოშვილი, მარინა კურატაშვილი, ზურაბ ქუთათელაძე და სხვ.] ; წმ. გაბრიელ ეპისკოპოსის (ქიქოძე) სახ. ფსიქოლ. დახმარების ცენტრი.
264 ## - წარმოების, გამოცემის, დისტრიბუციის და სხვა ცნობები
გამოცემის, წარმოების, დისტრიბუციის... ადგილი თბილისი :
გამოცემის, წარმოების, დისტრიბუციის... სახელწოდება ხარება,
გამოცემის, წარმოების, დისტრიბუციის... თარიღი 2006.
300 ## - ფიზიკური აღწერა
Extent 248 გვ.
Other physical details 20სმ.
653 ## - INDEX TERM--UNCONTROLLED
Uncontrolled term ფსიქიატრიული ცნობარი.
700 ## - ADDED ENTRY--PERSONAL NAME
Personal name ჩუგოშვილი, მალხაზ
Relator term ავტორი
9 (RLIN) 10304
700 ## - ADDED ENTRY--PERSONAL NAME
Personal name კურატაშვილი, მარინა
Relator term ავტორი
9 (RLIN) 10305
700 ## - ADDED ENTRY--PERSONAL NAME
Personal name ქუთათელაძე, ზურაბ და სხვ.
Relator term ავტორი
9 (RLIN) 10306
942 ## - ADDED ENTRY ELEMENTS (KOHA)
Koha item type წიგნი
Source of classification or shelving scheme
ეგზემპლარები
ჩამოწერის სტატუსი დაკარგული ეგზემპლარის სტატუსი კლასიფიკაციის წყარო ან თაროზე გაწყობის სქემა დაზიანების სტატუსი არ გაიცემა მუდმივი მდებარეობა (დაცვის ადგილი) ამჟამინდელი ადგილსამყოფელი თაროზე განთავსების ადგილი შეძენის თარიღი ღირებულება, შესყიდვის ნორმალური ფასი სრული შენახვის შიფრი შტრიხკოდი ბოლო ოპერაციის თარიღი ეგზემპლარის მიმდევრობითი ნომერი (კეტერი?) ფასის ძალაში შესვლის თარიღი ეგზემპლარის სახეობა საჯარო შენიშვნა
          ბათუმის შოთა რუსთაველის სახელმწიფო უნივერსიტეტის მთავარი ბიბლიოთეკა ბათუმის შოთა რუსთაველის სახელმწიფო უნივერსიტეტის მთავარი ბიბლიოთეკა წიგნსაცავი 2018-12-17 8.00 616.89(075.8) ფ–96 1165 2018-12-17 1165 2018-12-17 წიგნი 8 ლ.